La primera parte del Rey Enrique IV

Uloženo v:
Podrobná bibliografie
Hlavní autor: Shakespeare, William (Autor)
Médium: Kniha
Jazyk:španělština
Vydáno: Madrid Espasa-Calpe S. A 1929
Edice:Colección Austral, 1406
Témata:
Tagy: Přidat tag
Žádné tagy, Buďte první, kdo vytvoří štítek k tomuto záznamu!

MARC

LEADER 00000cam a2200000 a 4500
001 UCF6271
003 CL-VaPUC
008 130418e19290000SP |||||||||||||||||spa|d
082 0 4 |a 822  |b SHA  |2 21 
100 |a Shakespeare, William  |e author  |9 265757 
245 1 3 |a La primera parte del Rey Enrique IV 
246 1 3 |a La segunda parte del Rey Enrique IV 
300 |a 226 p 
942 |c BK 
945 |d 20130418 00:00:00  |a dcastane 
260 |a Madrid  |b Espasa-Calpe S. A  |c 1929 
650 0 |a Teatro inglés  |9 265744 
650 0 |a Dramas ingleses  |9 269396 
583 |a last modification  |c 20130418 10:21:00  |k Rodrigo Vera 
490 0 |a Colección Austral, 1406 
999 |c 351543  |d 351541 
952 |0 0  |1 0  |4 0  |6 822_000000000000000_SHA_1929  |7 0  |8 A  |9 455724  |a BIBEDU  |b BIBEDU  |d 2019-11-22  |i 4947614  |o 822 SHA 1929  |p 4947614  |r 2019-11-22  |w 2019-11-22  |y BK  |k LIT